Código Procesal Penal: concordancias e índice de materias

Na minha lista:
Detalhes bibliográficos
Autor Corporativo: Chile
Outros Autores: Núñez Ojeda, Raúl Eduardo
Formato: Livro
Idioma:espanhol
Publicado em: Santiago, Chile: Legal Publishing; Thomson Reuters, 2015
Edição:Decimoquinta Edición.
coleção:Colección de Códigos 2015
Assuntos:
Tags: Adicionar Tag
Sem tags, seja o primeiro a adicionar uma tag!

MARC

LEADER 00000cam a2200000 a 4500
001 UCE8778
003 CL-VaPUC
005 20241002124042.0
008 150904e20150000cl |||||||||||||||||spa|d
999 |c 360552  |d 360550 
020 |a 9789563466386 
040 |c Pontificia Universidad Católica de Valparaíso 
082 0 4 |a 345.8305 CHI 2015  |2 21 
110 1 |a Chile  |9 890760 
245 1 0 |a Código Procesal Penal: concordancias e índice de materias 
250 |a Decimoquinta Edición.  |b Actualizada al 5 de enero de 2015. 
260 |a Santiago, Chile:  |b Legal Publishing;  |b Thomson Reuters,  |c 2015 
300 |a 262 páginas 
490 0 |a Colección de Códigos 2015 
505 |a Mensaje -Libro Primero. Disposiciones Generales. -Libro Segundo. Procedimiento Ordinario. -Libro Tercero. Recursos. -Libro Cuarto. Procedimientos Especiales y Ejecución. Apéndice: -Ley N.º 19.640. Establece la Ley Orgánica Constitucional del Ministerio Público (D.O. de 15 de octubre de 1999). -Ley N.º 19.718. Crea la Defensoría Penal Pública (D.O. de 10 de marzo de 2001). 
583 |a last modification  |c 20150904 11:50:00  |k Rodrigo Vera 
650 0 |a Derecho penal chileno  |9 891928 
650 0 |a Derecho procesal penal  |9 891929 
650 0 |a Código procesal penal  |9 432657 
650 0 |a Jurisprudencia procesal   |9 254972 
700 |a Núñez Ojeda, Raúl Eduardo  |9 891926 
942 |c BK  |2 ddc 
945 |d 20150904 11:50:00  |a dcastane 
952 |0 0  |1 0  |3 erb  |4 0  |6 345_830500000000000_CHI_2015  |7 0  |8 R  |9 470420  |a BIBDER  |b BIBDER  |i 5195500  |l 39  |o 345.8305 CHI 2015  |p 5195500  |r 2024-10-10  |s 2024-10-10  |w 2019-11-23  |y BK_R  |z Catalogado en:20150904  |k DER